000 00441nam a22001817a 4500
003 MPLRDC
005 20220104123310.0
008 210129b ||||| |||| 00| 0 eng d
020 _a962-17-0179-1
082 _a830.8 BY v.9
100 _a艾凡
245 _a商场攻防术
_c
250 _a第五版
260 _a
_b博益出版集团有限公司
_c1988
300 _b
650 _a中国文学总集
942 _cBK
_o830.8 BY v.9
999 _c10174
_d10164